000 00562nam a2200193Ia 4500
005 20250508160756.0
008 008 250505s9999 xx 000 0 eng d
037 _aTextual
040 _aFEDL
_beng
_cFEDL
041 _aeng
_2eng
084 _a370.954, BAS
_qFEDL
100 _aBasu Aparna
245 0 _aGrowth of education and political development in India, 1898-1920
260 _aDelhi, India
_bOxford University Press
_c1974
300 _avi,258p
650 _aEducation
942 _cTEXL
_h370.954, BAS
999 _c1366556
_d1366556